Yhdistä kirjailija ja teos - Statistics

Yleistilastot
  • Tätä visaa on pelattu 120 kertaa
  • Keskiarvotulos 22 / 34
Vastaustilastot
Hint Vastaus % Oikein
Mauri Kunnas Koiramäen talossa
93%
J. K. Rowling Harry Potter
92%
Aleksis Kivi Seitsemän veljestä
89%
Mika Waltari Sinuhe egyptiläinen
88%
Väinö Linna Tuntematon sotilas
88%
J.R.R. Tolkien Taru Sormusten herrasta
86%
William Shakespeare Hamlet
85%
Minna Canth Työmiehen vaimo
85%
Sofi Oksanen Puhdistus
83%
J.L. Runeberg Vänrikki Stoolin tarinat
81%
Tove Jansson Taikatalvi
80%
Agatha Christie 10 pientä neekeripoikaa
79%
Tuomas Kyrö Mielensäpahoittaja
76%
Elias Lönnrot Kalevala
74%
Homeros Odysseia
74%
Fjodor Dostojevski Rikos ja rangaistus
73%
Eino Leino Helkavirsiä
69%
Antoine de Saint-Exupéry Pikku prinssi
64%
Emily Brontë Humiseva Harju
62%
Astrid Lindgren Meidän Marikki
61%
C. S. Lewis Narnian tarinat
61%
Arto Paasilinna Jäniksen vuosi
60%
Rosa Liksom Hytti nro 6
56%
Ernest Hemingway Vanhus ja meri
56%
Veikko Huovinen Havukka-ahon ajattelija
52%
Kari Hotakainen Juoksuhaudantie
52%
Miki Liukkonen O
52%
Ilmari Kianto Punainen viiva
50%
Veijo Meri Manillaköysi
46%
Charlotte Brontë Kotiopettajattaren romaani
42%
Anni Swan Ollin oppivuodet
39%
Maria Jotuni Huojuva talo
35%
Lauri Viita Moreeni
35%
Camilla Läckberg Majakanvartija
31%
Ehtoja vastaavia visoja ei löytynyt
Tulosjakauma
Jokaisen tuloksen saaneiden osuus
Persentiili vastausten määrän mukaan
Tuloshistoriasi
Et ole pelannut tätä visaa